000 00879cam a22003013a 4500
001 1104
003 PGUSA
005 20140828082957.0
008 971101s1997||||xxu|||||s|||||000 | eng d
040 _aPGUSA
_beng
042 _adc
050 4 _aPR
100 1 _aShakespeare, William,
_d1564-1616
245 1 4 _aThe Comedy of Errors
_h[electronic resource] /
_cWilliam Shakespeare
260 _bProject Gutenberg,
_c1997
500 _aWorld Library
506 _aCopyrighted. Read the copyright notice inside this book for details.
516 _aElectronic text
653 _aGreece -- Drama
653 _aShipwreck victims -- Drama
653 _aBrothers -- Drama
653 _aComedies
653 _aTwins -- Drama
653 _aMistaken identity -- Drama
830 0 _aProject Gutenberg
_v1104
856 4 0 _uhttp://www.gutenberg.org/ebooks/1104
942 _cEB
999 _c230452
_d230452